000 00355nam a2200169Ia 4500
100 _aDevasia/P
650 _aPhilosophy
942 _cBK
366 _f25
654 _ainspiration
245 _aInspiration for life
260 _bBetter Yourself Books
_aBandra
_c2005
082 _a170/DEV
_bDEV
300 _a117
546 _aENGLISH
999 _c28424
_d28424